The Mali Quiz Stats

 Plays Quiz Updated Feb 17, 2020

Support Sporcle.
Go Orange.
Score 0/38 Timer 07:00
0 Plays Today
Hints Answers % Correct
Flag ColorRed
95.7%
ContinentAfrica
95.5%
Flag ColorGreen
93.6%
Flag ColorYellow
92.3%
Population (closest million)18,000,000
89.4%
Bordering CountryNiger
89.4%
Age of Suffrage18
89.3%
Main RiverNiger River
86.4%
Drives on the ...right
86.1%
Most Popular SportSoccer
85.6%
Bordering CountryAlgeria
85.4%
Main DesertSahara
83.6%
DemonymMalian
83.5%
Largest ReligionSunni Islam
82.5%
Bordering CountryMauritania
82.1%
Official LanguageFrench
81.7%
Official NameRepublic of Mali
80.7%
Top Import OriginSenegal
79.7%
Lowest Point (23 m)Senegal River
79.7%
Hints Answers % Correct
Bordering CountrySenegal
79.7%
Bordering CountryBurkina Faso
79.1%
Country Internet Code.ml
76.8%
Bordering CountryGuinea
75.2%
Number of Regions10
71%
CurrencyWest African CFA Franc
66.6%
CapitalBamako
65.8%
Largest CityBamako
65.1%
Bordering CountryCôte d’Ivoire
58.7%
Independence Year1960
49.1%
Largest RegionTombouctou
46.2%
Primary ExportGold
24.8%
Top Export DestinationUnited Arab Emirates
11.8%
National AnimalLeopard
11.4%
PresidentBah Ndaw
10.9%
Second Largest CitySikasso
9.7%
Famous Religious BuildingGreat Mosque of Djenné
8.9%
Prime MinisterMoctar Ouane
8.4%
Highest Point (1,155 m)Mt. Hombori
6.2%

From the Vault

Expensive Places to Park

by Mr_Biz

You might just try riding a bike if you live in one of these cities.
Remove Ads.
Support Sporcle.
Get the best of Sporcle when you Go Orange. This ad-free experience offers more features, more stats, and more fun while also helping to support Sporcle. Thank you for becoming a member.

Show Comments

Extras

Top Quizzes Today


Score Distribution

Your Account Isn't Verified!

In order to create a playlist on Sporcle, you need to verify the email address you used during registration. Go to your Sporcle Settings to finish the process.

Report this User

Report this user for behavior that violates our Community Guidelines.

Details: